000 01250nam a22003497a 4500
001 33637
003 DO-SdBPM
005 20260114105139.0
007 ta
008 920227s2001 sp | |||| ||spa
020 _a842045818X
040 _aDO-SdBPM
_bspa
_cBPMSU
_erda
_d
082 4 _a323.352
_bA191u 2001
_222
100 1 _a Ada, Alma Flor,
_d1938-
_eautora
_4aut.
245 1 0 _aUna semilla de luz /
_cAlma Flor Ada, F. Isabel Campoy ; ilustraciones Felipe Dávalos ; prólogo Ernesto Sábato.
_b
264 _aMadrid :
_bUnicef,
_c2001
300 _a31 páginas :
_bilustraciones ;
_c26 cm
336 _atexto
_btxt
_2rdacontent
337 _asin mediación
_bn
_2rdamedia
338 _avolumen
_bnc
_2rdacarrier
490 0 _aDerechos del niño ;
_aDerecho a la igualdad,
_v1
590 _aInventariado. 2026/VM
590 _6Inventariado, 2026/VM
650 7 _aDerechos del niño
_xDerechos
_vCuentos infantiles.
650 7 _aDerechos del niño.
_v
650 7 _aCuentos infantiles estadounidenses.
700 1 _aDávalos, Felipe,
_d1942-
_eilustraciones
700 1 _a Sabato, Ernesto
_d1911-2011.
_eprólogo
700 1 _aCampoy, F.Isabel.
_eautora
910 _aVMateo V. Control de calidad (BPMSU)
942 _2ddc
_cBK
999 _c15594
_d15594